000 00469nam a2200157Ia 4500
008 160316s1973 xxu||||| |||| 00| 0 eng d
082 _a347.052000
_bEXP
100 _a
245 _aExplanatory report on the European convention on the calculation of time-limits
250 _a
260 _aStrasbourg
_bCouncil of Europe
_c1973
300 _a19p
_b
_c
365 _b
650 _a1.Civil Procedures - Time Limits - Conventions - Explanatory Report
700 _a
_a
999 _c16972
_d16972